[Event "LTU-chT (Women)"]
[Site "Vilnius"]
[Date "2017.02.18"]
[Round "4.2"]
[White "Batkovskyte, Dominyka"]
[Black "Navickaite, Sandra"]
[Result "1-0"]
[WhiteElo "2125"]
[BlackElo "1710"]
[PlyCount "103"]
[EventDate "2017.01.28"]
[EventType "team-tourn"]
[EventRounds "7"]
[EventCountry "LTU"]
[SourceTitle "EXT 2018"]
[Source "ChessBase"]
[SourceDate "2017.10.13"]
[SourceVersion "1"]
[SourceVersionDate "2017.10.13"]
[SourceQuality "1"]
[WhiteTeam "Vilnius MRU (W)"]
[BlackTeam "Kaunas LSM (W)"]
[WhiteTeamCountry "LTU"]
[BlackTeamCountry "LTU"]

1. d4 Nf6 2. c4 g6 3. Nc3 Bg7 4. e4 d6 5. Be2 0-0 6. Bg5 h6 7. Be3 e5 8. d5 Nbd7 9. Qd2 Kh7 10. f3 a5 11. g4 Nc5 12. h4 Ne8 13. h5 g5 14. Nh3 f6 15. 0-0 Rf7 16. b3 Bf8 17. Rab1 Ng7 18. Nf2 b6 19. Bd1 Bd7 20. a3 Qe8 21. b4 Nb7 22. Be2 Be7 23. Nd3 Rf8 24. Rfc1 axb4 25. axb4 Qc8 26. Ra1 Nd8 27. c5 dxc5 28. bxc5 bxc5 29. Rxa8 Qxa8 30. Nxc5 Be8 31. Nb5 Bxb5 32. Bxb5 Bd6 33. Qb2 Bxc5 34. Bxc5 Rf7 35. Bc4 Rd7 36. Rb1 Nf7 37. Bb5 Rd8 38. Bc6 Qa5 39. Be7 Rd6 40. Qb4 Qa7+ 41. Kg2 Qe3 42. Rb2 Qc1 43. Bxd6 Nxd6 44. Qd2 Qc5 45. Qf2 Qc3 46. Rc2 Qb3 47. Qc5 Qb1 48. Bd7 Qe1 49. Qxc7 Qd1 50. Bf5+ Ndxf5 51. gxf5 Qe1 52. Qf7 1-0

[Event "LTU-ch sf (Women)"]
[Site "Vilnius"]
[Date "2015.02.21"]
[Round "5"]
[White "Ramanauskaite, Giedre"]
[Black "Batkovskyte, Dominyka"]
[Result "0-1"]
[WhiteElo "1969"]
[BlackElo "2122"]
[PlyCount "68"]
[EventDate "2015.02.18"]
[EventType "swiss"]
[EventRounds "8"]
[EventCountry "LTU"]
[SourceTitle "EXT 2018"]
[Source "ChessBase"]
[SourceDate "2017.10.13"]
[SourceVersion "1"]
[SourceVersionDate "2017.10.13"]
[SourceQuality "1"]

1. d4 Nf6 2. c4 e5 3. dxe5 Ng4 4. Nf3 Bc5 5. e3 Nc6 6. a3 a5 7. b3 Ngxe5 8. Bb2 d6 9. Be2 0-0 10. 0-0 Bf5 11. Nd4 Ne7 12. Nd2 Bg6 13. N2f3 N7c6 14. Nxc6 Nxc6 15. Kh1 Re8 16. Bd3 Re6 17. Nd4 Bxd4 18. exd4 Bxd3 19. Qxd3 d5 20. Rae1 Qe7 21. Bc3 Rxe1 22. Rxe1 Qd6 23. c5 Qf6 24. f3 h6 25. Qb5 Rb8 26. Bxa5 Qxd4 27. Bxc7 Qc3 28. Rf1 Re8 29. h3 Re7 30. Qxb7 Qxc5 31. Qc8+ Kh7 32. Bf4 Qb5 33. a4 Qxf1+ 34. Kh2 Re6 0-1

[Event "LTU-chT"]
[Site "Lithuania"]
[Date "2015.02.16"]
[Round "5.1"]
[White "Batkovskyte, Dominyka"]
[Black "Novikov, Vitalij"]
[Result "0-1"]
[WhiteElo "2122"]
[BlackElo "2325"]
[PlyCount "134"]
[EventDate "2015.01.24"]
[EventType "team-tourn"]
[EventRounds "7"]
[EventCountry "LTU"]
[SourceTitle "EXT 2016"]
[Source "ChessBase"]
[SourceDate "2015.10.08"]
[SourceVersion "1"]
[SourceVersionDate "2015.10.08"]
[SourceQuality "1"]
[WhiteTeam "Vilnius MRU"]
[BlackTeam "Panevezys Gigant Chess"]
[WhiteTeamCountry "LTU"]
[BlackTeamCountry "LTU"]

1. d4 e6 2. c4 Nf6 3. Nc3 Bb4 4. Qc2 0-0 5. Bg5 d6 6. e3 e5 7. Nf3 Re8 8. Be2 Nbd7 9. Bh4 Nf8 10. dxe5 dxe5 11. 0-0 Bxc3 12. Qxc3 Ng6 13. Bg3 Ne4 14. Qc2 Bf5 15. Qb3 b6 16. Rfd1 Qf6 17. Nd2 Nxg3 18. hxg3 Nf8 19. g4 Bg6 20. c5 Ne6 21. cxb6 cxb6 22. Rac1 Nc5 23. Qd5 Rad8 24. Qf3 Qe7 25. Bb5 Rf8 26. Nb3 Ne6 27. Qc6 h6 28. Rd7 Qg5 29. Qd6 Qxg4 30. Rxd8 Rxd8 31. Qxe5 Ng5 32. Qg3 Qxg3 33. fxg3 Ne4 34. Nd4 Nxg3 35. Rc7 Nf5 36. Bd7 Nxe3 37. Rxa7 Be4 38. Nb5 Nc4 39. Nc3 Ne5 40. Nxe4 Rxd7 41. Ra8+ Kh7 42. Rb8 f5 43. Nc3 Rd6 44. Re8 Ng4 45. g3 Rd3 46. Kg2 Ne3+ 47. Kf3 Nc4+ 48. Kf2 Nxb2 49. Ne2 Nd1+ 50. Kg2 Ne3+ 51. Kf2 Ng4+ 52. Kg2 Re3 53. Rxe3 Nxe3+ 54. Kf3 Nd5 55. Nd4 Kg6 56. a3 Kf6 57. Ke2 g5 58. Kf3 h5 59. Nc6 g4+ 60. Kf2 f4 61. gxf4 Nxf4 62. a4 h4 63. a5 bxa5 64. Nxa5 g3+ 65. Kf3 g2 66. Kf2 h3 67. Nc4 h2 0-1

[Event "LTU-chT (Women)"]
[Site "Lithuania"]
[Date "2015.02.15"]
[Round "4.1"]
[White "Semonaviciute, Agne"]
[Black "Batkovskyte, Dominyka"]
[Result "0-1"]
[WhiteElo "1768"]
[BlackElo "2122"]
[PlyCount "128"]
[EventDate "2015.01.24"]
[EventType "team-swiss"]
[EventRounds "7"]
[EventCountry "LTU"]
[SourceTitle "EXT 2018"]
[Source "ChessBase"]
[SourceDate "2017.10.13"]
[SourceVersion "1"]
[SourceVersionDate "2017.10.13"]
[SourceQuality "1"]
[WhiteTeam "Siauliai Fortuna (W)"]
[BlackTeam "Vilnius MRU (W)"]
[WhiteTeamCountry "LTU"]
[BlackTeamCountry "LTU"]

1. e4 d6 2. d4 Nf6 3. Nc3 c6 4. f4 Qa5 5. Bd2 e5 6. Nf3 Nbd7 7. Bd3 Qc7 8. 0-0 Be7 9. Kh1 0-0 10. fxe5 dxe5 11. dxe5 Ng4 12. Bf4 Ndxe5 13. Nxe5 Nxe5 14. Ne2 Bd6 15. Ng3 Rd8 16. Bxe5 Bxe5 17. Qf3 Bxg3 18. hxg3 Be6 19. Kh2 Qe5 20. b3 a5 21. Qf4 Qc5 22. Rae1 Rd4 23. g4 Qd6 24. Kg3 Rd8 25. Qxd6 R8xd6 26. Rh1 a4 27. e5 Rxg4+ 28. Kf2 Rdd4 29. Bxh7+ Kf8 30. Bd3 Rdf4+ 31. Ke3 g5 32. Rh2 Rg3+ 33. Kd2 Bg4 34. Be4 Rf2+ 35. Kc1 Bf5 36. Bxf5 Rxf5 37. Re2 Ke7 38. Rh8 a3 39. Ra8 Ke6 40. Rxa3 Rxe5 41. Rd2 Kf6 42. Ra7 Re7 43. a4 Kf5 44. Rf2+ Kg4 45. a5 Rge3 46. Kb2 Kg3 47. Rf3+ Rxf3 48. gxf3 Kxf3 49. a6 Re8 50. axb7 Rb8 51. Ra5 Kg4 52. Ra4+ Kh3 53. Rc4 g4 54. Rxc6 Rxb7 55. Rh6+ Kg2 56. Rf6 g3 57. Kc3 Rd7 58. b4 Kh1 59. Rh6+ Kg1 60. Rf6 g2 61. Rf5 Kh2 62. Rh5+ Kg3 63. Rg5+ Kh3 64. Rg7 Rd6 0-1

[Event "LTU-chT (Women)"]
[Site "Lithuania"]
[Date "2015.01.24"]
[Round "1.1"]
[White "Jakaityte, Ruta"]
[Black "Batkovskyte, Dominyka"]
[Result "1/2-1/2"]
[WhiteElo "1925"]
[BlackElo "2122"]
[PlyCount "74"]
[EventDate "2015.01.24"]
[EventType "team-swiss"]
[EventRounds "7"]
[EventCountry "LTU"]
[SourceTitle "EXT 2018"]
[Source "ChessBase"]
[SourceDate "2017.10.13"]
[SourceVersion "1"]
[SourceVersionDate "2017.10.13"]
[SourceQuality "1"]
[WhiteTeam "Panevezys Nike (W)"]
[BlackTeam "Vilnius MRU (W)"]
[WhiteTeamCountry "LTU"]
[BlackTeamCountry "LTU"]

1. e4 d6 2. d4 Nf6 3. Nc3 c6 4. a4 Nbd7 5. Nf3 e5 6. Bc4 Be7 7. dxe5 dxe5 8. 0-0 0-0 9. Qe2 Qc7 10. Rd1 Nb6 11. Bb3 Bg4 12. Be3 Nbd7 13. h3 Bh5 14. Qc4 Qc8 15. Rd2 Bxf3 16. gxf3 b6 17. Kh2 Nh5 18. Rg1 Nc5 19. Ba2 Ne6 20. Ne2 Kh8 21. Qc3 f6 22. Qc4 Ng5 23. Bxg5 fxg5 24. Qc3 Qe8 25. Rgd1 Bc5 26. Kg2 Nf6 27. Qc4 Qg6 28. Ng3 Nh5 29. Nxh5 Qxh5 30. Rd3 Qh4 31. R1d2 a5 32. c3 Rac8 33. Qe6 Qf4 34. Qg4 Qf6 35. Qe6 Qf4 36. Qg4 Qf6 37. Qe6 Qf4 1/2-1/2

[Event "Olympiad Women-41"]
[Site "Tromsoe"]
[Date "2014.08.10"]
[Round "8.3"]
[White "Batkovskyte, Dominyka"]
[Black "Jelica, Mara"]
[Result "1/2-1/2"]
[WhiteElo "2117"]
[BlackElo "2184"]
[PlyCount "146"]
[EventDate "2014.08.02"]
[EventType "team-swiss"]
[EventRounds "11"]
[EventCountry "NOR"]
[SourceTitle "CBM 162"]
[Source "ChessBase"]
[SourceDate "2014.09.17"]
[SourceVersion "1"]
[SourceVersionDate "2014.09.17"]
[SourceQuality "1"]
[WhiteTeam "Lithuania (W)"]
[BlackTeam "Croatia (W)"]
[WhiteTeamCountry "LTU"]
[BlackTeamCountry "CRO"]

1. d4 Nf6 2. c4 g6 3. Nc3 Bg7 4. e4 d6 5. f4 c5 6. d5 0-0 7. Nf3 e6 8. Be2 exd5 9. cxd5 b5 10. e5 dxe5 11. fxe5 Ng4 12. d6 Bb7 13. 0-0 Nxe5 14. Nxb5 Nbd7 15. Nc7 Rb8 16. Kh1 Nxf3 17. Bxf3 Bxf3 18. Qxf3 Rb6 19. a4 Ne5 20. Qe4 Rxd6 21. Nb5 Re6 22. Qc2 a6 23. Nc3 Nd3 24. Bg5 Nb4 25. Qc1 Qd4 26. Rf4 Qd3 27. Rf3 Qd7 28. Qf1 Qb7 29. Rd1 Nc6 30. Nd5 f5 31. Rf2 Re4 32. Rc2 Nb4 33. Rxc5 Nxd5 34. Rcxd5 Qxb2 35. R5d2 Qb3 36. Qxa6 Rxa4 37. Qc6 Re4 38. h3 h6 39. Bxh6 Bxh6 40. Qxg6+ Bg7 41. Rd7 Qc3 42. R1d3 Re1+ 43. Kh2 Qa1 44. Kg3 Qe5+ 45. Kh4 Re4+ 46. g4 Qf6+ 47. Qxf6 Bxf6+ 48. Kg3 f4+ 49. Kf3 Rfe8 50. R7d5 Bh4 51. g5 Bg3 52. Kg4 Re3 53. Rd1 Bh2 54. R1d2 Bg3 55. Rd1 Re1 56. R1d3 Rh1 57. Rf5 Bh2 58. Rf6 Rhe1 59. Rdd6 R1e7 60. h4 Rg7 61. Rd2 Bg1 62. Ra2 Be3 63. Re2 Rf8 64. Rxf8+ Kxf8 65. h5 Rd7 66. Ra2 Rd2 67. Ra8+ Kg7 68. h6+ Kh7 69. Rf8 Rd7 70. Kh5 Rd5 71. Kg4 Rd7 72. Kh5 Rd5 73. Kg4 Bd2 1/2-1/2

[Event "Olympiad Women-41"]
[Site "Tromsoe"]
[Date "2014.08.02"]
[Round "1.3"]
[White "Batkovskyte, Dominyka"]
[Black "Johnson, Gabriella"]
[Result "1-0"]
[WhiteElo "2117"]
[BlackElo "1634"]
[PlyCount "63"]
[EventDate "2014.08.02"]
[EventType "team-swiss"]
[EventRounds "11"]
[EventCountry "NOR"]
[SourceTitle "CBM 162"]
[Source "ChessBase"]
[SourceDate "2014.09.17"]
[SourceVersion "1"]
[SourceVersionDate "2014.09.17"]
[SourceQuality "1"]
[WhiteTeam "Lithuania (W)"]
[BlackTeam "Trinidad and Tobago (W)"]
[WhiteTeamCountry "LTU"]
[BlackTeamCountry "TRI"]

1. d4 d5 2. c4 c6 3. e3 Nf6 4. Nc3 e6 5. Nf3 Nbd7 6. Bd3 dxc4 7. Bxc4 b5 8. Be2 a6 9. e4 Bb7 10. 0-0 Nb6 11. Bg5 h6 12. Bh4 Be7 13. e5 Nfd5 14. Bxe7 Qxe7 15. Ne4 0-0 16. Nfd2 Rfd8 17. Nd6 Nc8 18. N2e4 Ra7 19. Rc1 Ba8 20. Nxc8 Rxc8 21. Bd3 Rac7 22. Bb1 Nf4 23. Qg4 Ng6 24. Nd6 Rd8 25. Nxf7 Qxf7 26. Bxg6 Qe7 27. Rc3 Rcd7 28. Bc2 Rxd4 29. Qg6 Kf8 30. Rf3+ Rf4 31. Rxf4+ Kg8 32. Qh7# 1-0

[Event "EST-ch U26"]
[Site "Tartu"]
[Date "2014.05.16"]
[Round "4"]
[White "Setkauskas, Vaidas"]
[Black "Batkovskyte, Dominyka"]
[Result "1-0"]
[WhiteElo "2242"]
[BlackElo "2142"]
[PlyCount "81"]
[EventDate "2014.05.16"]
[EventType "swiss"]
[EventRounds "9"]
[EventCountry "EST"]
[SourceTitle "CBM 160 Extra"]
[Source "ChessBase"]
[SourceDate "2014.07.01"]
[SourceVersion "1"]
[SourceVersionDate "2014.07.01"]
[SourceQuality "1"]

1. e4 e6 2. b3 d5 3. Bb2 dxe4 4. Qe2 Nf6 5. Nc3 Bb4 6. 0-0-0 Bxc3 7. Bxc3 0-0 8. f3 exf3 9. Nxf3 a5 10. a4 Nc6 11. g4 Nb4 12. Bb2 Ra6 13. Ne5 Qd5 14. Bg2 Qc5 15. d4 Qd6 16. Kb1 Nfd5 17. Rhf1 Nc6 18. Nxc6 Rxc6 19. Qd2 Ra6 20. Be4 f5 21. gxf5 exf5 22. Bd3 Ra8 23. Rde1 f4 24. Bc4 c6 25. Re5 f3 26. Qe3 Bg4 27. Qe4 Qg6 28. Bxd5+ cxd5 29. Qxd5+ Kh8 30. Rg5 Be6 31. Qe5 Qf6 32. d5 Bh3 33. Qxf6 Rxf6 34. Bxf6 Bxf1 35. Rxg7 Rf8 36. Rg6+ Rxf6 37. Rxf6 Bg2 38. d6 Kg7 39. Rf4 Bh3 40. Rxf3 Bd7 41. Re3 1-0

[Event "EST-ch U26"]
[Site "Tartu"]
[Date "2014.05.16"]
[Round "2"]
[White "Vedrickas, Tautvydas"]
[Black "Batkovskyte, Dominyka"]
[Result "0-1"]
[WhiteElo "2365"]
[BlackElo "2142"]
[PlyCount "106"]
[EventDate "2014.05.16"]
[EventType "swiss"]
[EventRounds "9"]
[EventCountry "EST"]
[SourceTitle "CBM 160 Extra"]
[Source "ChessBase"]
[SourceDate "2014.07.01"]
[SourceVersion "1"]
[SourceVersionDate "2014.07.01"]
[SourceQuality "1"]

1. d4 d5 2. Nf3 e6 3. c4 dxc4 4. Qa4+ Nd7 5. Nc3 a6 6. e4 b5 7. Nxb5 axb5 8. Qxa8 Bb4+ 9. Bd2 Nb6 10. Qa7 Bxd2+ 11. Kxd2 Nf6 12. Re1 0-0 13. Qa5 Bb7 14. Qxb5 Nxe4+ 15. Kc1 Bd5 16. Re3 Nxf2 17. Rg1 Ng4 18. Rc3 Qf6 19. Kb1 Qf5+ 20. Ka1 Ra8 21. Be2 Nf6 22. Ne5 Qf2 23. Rgc1 Qxe2 24. R3c2 Qe4 25. Qc5 Nbd7 26. Qxc7 Nxe5 27. dxe5 Ng4 28. Rxc4 Bxc4 29. Rxc4 Qe1+ 30. Rc1 Qb4 31. h3 Ne3 32. g4 Nd5 33. Qc2 Ne7 34. a3 Qa5 35. Qe4 Nd5 36. Qc4 g6 37. h4 Qa4 38. Qe2 Qd4 39. h5 Qe3 40. Qc4 Qxe5 41. Ka2 Rb8 42. Rc2 Ne3 43. Qc3 Qxc3 44. Rxc3 Nxg4 45. b4 Nf6 46. h6 Nd5 47. Rc6 f5 48. Rxe6 f4 49. Re5 Nxb4+ 50. axb4 Rxb4 51. Ka3 Rb8 52. Re7 Rf8 53. Re2 Kf7 0-1

[Event "LTU-ch sf (Women)"]
[Site "Vilnius"]
[Date "2014.02.22"]
[Round "6"]
[White "Jakaityte, Ruta"]
[Black "Batkovskyte, Dominyka"]
[Result "1/2-1/2"]
[WhiteElo "1980"]
[BlackElo "2110"]
[PlyCount "145"]
[EventDate "2014.02.17"]
[EventType "swiss"]
[EventRounds "7"]
[EventCountry "LTU"]
[SourceTitle "CBM 158 Extra"]
[Source "ChessBase"]
[SourceDate "2014.02.28"]
[SourceVersion "1"]
[SourceVersionDate "2014.02.28"]
[SourceQuality "1"]

1. e4 c5 2. Nf3 d6 3. c4 Nc6 4. d4 cxd4 5. Nxd4 Nf6 6. Nc3 g6 7. Be2 Bg7 8. Be3 Bd7 9. 0-0 0-0 10. Rc1 Ne8 11. Kh1 Nc7 12. a3 Ne6 13. Nxc6 Bxc6 14. f3 Be5 15. Qd2 Bg7 16. b4 b6 17. Bd3 Kh8 18. Rfe1 Rc8 19. Bf2 Bb7 20. Be3 Nd4 21. Qf2 e5 22. Ne2 Ne6 23. Nc3 f5 24. Qd2 f4 25. Bg1 g5 26. Red1 Ba6 27. b5 Bb7 28. Bf1 Nd4 29. Bxd4 exd4 30. Ne2 g4 31. Nxd4 Qh4 32. Ne6 Be5 33. Nxf8 Rxf8 34. Qe1 Qh6 35. Rc2 Bc8 36. a4 Qh5 37. Rd3 Rf6 38. h3 gxf3 39. gxf3 Rg6 40. Rh2 Be6 41. Qc1 Rg3 42. Bg2 Qf7 43. Rd2 Rg8 44. Bf1 Qh5 45. Bg2 Qh4 46. Qf1 Rg3 47. a5 Qd8 48. axb6 Qxb6 49. Ra2 Qe3 50. Rc2 Bd4 51. Qc1 Qb3 52. Qd2 Qe3 53. Qxe3 fxe3 54. Bf1 e2 55. Rhxe2 Rg1+ 56. Kh2 Rxf1 57. Kg2 Rg1+ 58. Kh2 Rg5 59. f4 Rc5 60. Red2 Be3 61. f5 Bxc4 62. Kg3 Bxb5 63. Rxc5 dxc5 64. Rd8+ Kg7 65. e5 Bd4 66. Kf4 a5 67. Rb8 Bc6 68. Rc8 Bg2 69. Rc7+ Kg8 70. Rc8+ Kg7 71. Rc7+ Kg8 72. Rc8+ Kg7 73. Rc7+ 1/2-1/2

[Event "LTU-ch sf (Women)"]
[Site "Vilnius"]
[Date "2014.02.18"]
[Round "2"]
[White "Maciuityte, Greta"]
[Black "Batkovskyte, Dominyka"]
[Result "0-1"]
[WhiteElo "1626"]
[BlackElo "2110"]
[PlyCount "70"]
[EventDate "2014.02.17"]
[EventType "swiss"]
[EventRounds "7"]
[EventCountry "LTU"]
[SourceTitle "CBM 158 Extra"]
[Source "ChessBase"]
[SourceDate "2014.02.28"]
[SourceVersion "1"]
[SourceVersionDate "2014.02.28"]
[SourceQuality "1"]

1. e4 c5 2. Nf3 d6 3. Bb5+ Bd7 4. Bxd7+ Qxd7 5. d4 cxd4 6. Nxd4 Nf6 7. Nc3 g6 8. Bg5 Bg7 9. f4 Nc6 10. Nf3 0-0 11. 0-0 Qd8 12. Rb1 Rc8 13. f5 Na5 14. h3 Nc4 15. Kh1 Nxb2 16. Rxb2 Rxc3 17. Bxf6 Bxf6 18. Rxb7 Qa5 19. fxg6 hxg6 20. Qb1 Rfc8 21. Qe1 Qa6 22. Rb1 Rxc2 23. Qg3 Qxa2 24. e5 dxe5 25. Nxe5 R2c3 26. Nf3 Qc4 27. Rfe1 a5 28. h4 Kg7 29. Qf2 Rh8 30. Ra1 Rxf3 31. gxf3 Rxh4+ 32. Kg1 Bd4 33. Re3 Rh5 34. Rae1 Qc5 35. Qd2 Qg5+ 0-1

[Event "LTU-chT"]
[Site "Lithuania"]
[Date "2014.02.08"]
[Round "4.2"]
[White "Batkovskyte, Dominyka"]
[Black "Pakalniskis, Romas"]
[Result "1-0"]
[WhiteElo "2110"]
[BlackElo "1828"]
[PlyCount "121"]
[EventDate "2014.01.25"]
[EventType "team-swiss"]
[EventRounds "7"]
[EventCountry "LTU"]
[SourceTitle "CBM 158 Extra"]
[Source "ChessBase"]
[SourceDate "2014.02.28"]
[SourceVersion "1"]
[SourceVersionDate "2014.02.28"]
[SourceQuality "1"]
[WhiteTeam "Vilnius Fortas"]
[BlackTeam "Vilnius LASF"]
[WhiteTeamCountry "LTU"]
[BlackTeamCountry "LTU"]

1. d4 d5 2. c4 c6 3. Nc3 Nf6 4. e3 Bf5 5. cxd5 cxd5 6. Qb3 Qb6 7. Nxd5 Nxd5 8. Qxd5 e6 9. Qb5+ Nc6 10. Qxb6 axb6 11. Bb5 0-0-0 12. Bd2 Nb4 13. Ke2 f6 14. Rc1+ Kb8 15. a3 Na6 16. f3 Nc7 17. Bc4 b5 18. Ba2 h5 19. Kf2 h4 20. Ne2 g5 21. Rhd1 Bd6 22. h3 Rhe8 23. e4 Bg6 24. Bb1 Be7 25. Ba5 Rc8 26. Bd3 f5 27. Bxc7+ Rxc7 28. Bxb5 Rec8 29. Rxc7 Rxc7 30. Bd3 fxe4 31. fxe4 e5 32. b4 Bd8 33. Ke3 Bh5 34. Rf1 Bxe2 35. Bxe2 Rc3+ 36. Kd2 exd4 37. Rf8 Kc7 38. Rf7+ Kb6 39. a4 Re3 40. Rd7 Bc7 41. Rxd4 Bf4 42. Kd1 Rc3 43. Rc4 Rxc4 44. Bxc4 Bd6 45. a5+ Kc7 46. b5 Bb4 47. a6 bxa6 48. bxa6 Bc5 49. Ke2 Kd6 50. Kf3 Ke5 51. Bd5 Bd4 52. Ke2 Ba7 53. Kd3 Bb6 54. Kc4 Kd6 55. Kb5 Bd4 56. Bb7 Ba7 57. e5+ Kxe5 58. Kc6 Kf4 59. Kc7 g4 60. hxg4 Kxg4 61. Bc8+ 1-0

[Event "EU-chT (Women) 19th"]
[Site "Warsaw"]
[Date "2013.11.15"]
[Round "7.6"]
[White "Batkovskyte, Dominyka"]
[Black "Hernandez Estevez, Yudania"]
[Result "1/2-1/2"]
[WhiteElo "2111"]
[BlackElo "2284"]
[PlyCount "114"]
[EventDate "2013.11.08"]
[EventType "team-swiss"]
[EventRounds "9"]
[EventCountry "POL"]
[SourceTitle "EXT 2014"]
[Source "ChessBase"]
[SourceDate "2013.11.20"]
[SourceVersion "1"]
[SourceVersionDate "2013.11.20"]
[SourceQuality "1"]
[WhiteTeam "Lithuania (W)"]
[BlackTeam "Spain (W)"]
[WhiteTeamCountry "LTU"]
[BlackTeamCountry "ESP"]

1. d4 d5 2. c4 c6 3. Nc3 Nf6 4. e3 a6 5. Nf3 b5 6. b3 Bg4 7. Be2 e6 8. 0-0 Bd6 9. Bb2 Nbd7 10. h3 Bf5 11. Nh4 Be4 12. Nf3 0-0 13. Nxe4 Nxe4 14. Bd3 f5 15. Rc1 Rc8 16. Qe2 Qa5 17. cxd5 exd5 18. a4 Bb8 19. axb5 axb5 20. Rc2 Qb4 21. Rfc1 Qxb3 22. Bxb5 f4 23. Bxc6 Rxc6 24. Rxc6 fxe3 25. fxe3 Ng3 26. Qd2 Ne4 27. Qe2 Ng3 28. Qd2 Nf6 29. Rc8 Nfe4 30. Rxf8+ Kxf8 31. Rc8+ Ke7 32. Rxb8 Qxb8 33. Ba3+ Ke6 34. Qb4 Qxb4 35. Bxb4 Nf5 36. Bd2 Nxd2 37. Nxd2 Nxe3 38. Kf2 Nc2 39. Nb3 Kf5 40. Kf3 Ne1+ 41. Kf2 Nc2 42. Kf3 h5 43. h4 g6 44. g3 g5 45. hxg5 Kxg5 46. Ke2 Kg4 47. Kf2 Kg5 48. Ke2 Kf5 49. Kf3 Kg6 50. Kf4 Kf6 51. g4 h4 52. g5+ Kg6 53. Kg4 h3 54. Kxh3 Kxg5 55. Kg3 Kf5 56. Kf3 Kg5 57. Kg3 Kf5 1/2-1/2

[Event "Panevezys op-A 26th"]
[Site "Panevezys"]
[Date "2013.08.16"]
[Round "7"]
[White "Vanagaite, Giedre"]
[Black "Batkovskyte, Dominyka"]
[Result "1/2-1/2"]
[WhiteElo "2053"]
[BlackElo "2104"]
[PlyCount "108"]
[EventDate "2013.08.12"]
[EventType "swiss"]
[EventRounds "9"]
[EventCountry "LTU"]
[SourceTitle "CBM 155 Extra"]
[Source "ChessBase"]
[SourceDate "2013.08.26"]
[SourceVersion "1"]
[SourceVersionDate "2013.08.26"]
[SourceQuality "1"]

1. d4 Nf6 2. Nf3 g6 3. c4 Bg7 4. Nc3 d5 5. Qb3 dxc4 6. Qxc4 0-0 7. e4 Be6 8. Qd3 c5 9. d5 Bc8 10. Be2 b6 11. 0-0 Ne8 12. Bf4 Nd6 13. Rfd1 Ba6 14. Qc2 Qc8 15. e5 Nf5 16. Nb5 Bb7 17. g4 a6 18. Na3 Nd4 19. Nxd4 cxd4 20. Qxc8 Rxc8 21. Rxd4 b5 22. Bg3 Nd7 23. f4 g5 24. Rad1 gxf4 25. Bxf4 Nxe5 26. R4d2 Rd8 27. Nc2 Ng6 28. Bg5 Bxb2 29. d6 Rxd6 30. Rxd6 exd6 31. Rxd6 Re8 32. Kf2 Be5 33. Rb6 Bc8 34. h3 Nf4 35. Bf1 Nd5 36. Rh6 Bg7 37. Rd6 Nc3 38. Bg2 Bf8 39. Rd2 Bc5+ 40. Kg3 Bb6 41. Nb4 Ne2+ 42. Kh2 Bc7+ 43. Kh1 Ng3+ 44. Kg1 Ba5 45. Rb2 Ne2+ 46. Kh1 Nc3 47. Nd3 Na4 48. Rc2 Be6 49. Bb7 Bc4 50. Nf4 Nc5 51. Bd5 Ne6 52. Bxc4 Nxg5 53. Bd5 Rd8 54. Kg2 Ne6 1/2-1/2

[Event "Plateliai op 23rd"]
[Site "Plateliai"]
[Date "2013.07.17"]
[Round "4"]
[White "Zalimaite, Ieva"]
[Black "Batkovskyte, Dominyka"]
[Result "0-1"]
[WhiteElo "1847"]
[BlackElo "2101"]
[PlyCount "38"]
[EventDate "2013.07.15"]
[EventType "swiss"]
[EventRounds "9"]
[EventCountry "LTU"]
[SourceTitle "EXT 2014"]
[Source "ChessBase"]
[SourceDate "2013.11.20"]
[SourceVersion "1"]
[SourceVersionDate "2013.11.20"]
[SourceQuality "1"]

1. c4 Nf6 2. Nc3 g6 3. d4 d5 4. Nf3 Bg7 5. Bf4 0-0 6. cxd5 Nxd5 7. Nxd5 Qxd5 8. Bxc7 Na6 9. Be5 Bf5 10. Bxg7 Kxg7 11. Qb3 Qxb3 12. axb3 Nb4 13. Ra4 a5 14. Kd2 Rfc8 15. Ne1 b5 16. Ra3 Nc2 17. e3 Nxe1 18. Bxb5 Rc2+ 19. Kd1 Nxg2 0-1

[Event "LTU-chT (Women)"]
[Site "Lithuania"]
[Date "2013.03.10"]
[Round "6.2"]
[White "Batkovskyte, Dominyka"]
[Black "Semonaviciute, Agne"]
[Result "1-0"]
[WhiteElo "2093"]
[BlackElo "1731"]
[PlyCount "49"]
[EventDate "2013.01.19"]
[EventType "team-tourn"]
[EventRounds "7"]
[EventCountry "LTU"]
[SourceTitle "EXT 2024"]
[Source "ChessBase"]
[SourceDate "2023.10.10"]
[SourceVersion "1"]
[SourceVersionDate "2023.10.10"]
[SourceQuality "1"]

1. d4 Nf6 2. c4 e6 3. Nc3 Bb4 4. Qc2 b6 5. e4 Bb7 6. Bd3 0-0 7. Nge2 Nc6 8. e5 Ng4 9. h3 Nxf2 10. Kxf2 Nxd4 11. Qd1 Nxe2 12. Qxe2 f6 13. Rd1 fxe5+ 14. Kg1 d5 15. Qh5 Bc5+ 16. Kh1 h6 17. Bxh6 Qd7 18. Qg6 Rf6 19. Qh7+ Kf8 20. Qh8+ Ke7 21. Qxg7+ Rf7 22. Bg5+ Kd6 23. Nb5+ Kc6 24. cxd5+ Qxd5 25. Qxf7 1-0